00753cam a2200205Ia 4500001000700000003000600007005001700013008004100030035002300071035002000094040002000114082001700134100002100151245013900172260003200311300002600343500007300369504004100442630006400483226674GBCCL20241126110502.0980914s1998 flu b 000 0 eng d a(OCoLC)ocm39865559 a(OCoLC)39865559 aSBIcSBIdOCLCQ a223.206bZEM1 aZemek, George J.14aThe Word of God in the child of God :bexegetical, theological and homiletical reflections from the 119th Psalm /cby George J. Zemek. a[Mango, FL :bs.n.,c1998?] axiv, 431 p. ;c24 cm. aIncludes an appendix of Hebrew diagrammatical analyses (p.388- 431). aIncludes bibliographical references.00aBible.pO.T.pPsalmspCXIXxCriticism, interpretation, etc.